| 000 | 00528nam a2200205Ia 4500 | ||
|---|---|---|---|
| 005 | 20260429112228.0 | ||
| 008 | 260429s9999||||xx |||||||||||||| ||und|| | ||
| 020 | _a9788119684366 | ||
| 041 | _aEnglish | ||
| 082 |
_a658.4022 _bNEE |
||
| 100 | _aNeelam | ||
| 245 | 0 |
_aSoft skills and team building / _cNeelam |
|
| 260 |
_aJaipur : _bBook Enclave, _c2024. |
||
| 300 | _aviii, 256 p.; hb | ||
| 650 | _a Executive management | ||
| 650 | _a Team management | ||
| 650 | _aManagement | ||
| 700 | _a Singh, R.P. | ||
| 942 | _cTB | ||
| 999 |
_c53006 _d53006 |
||